Bài giảng ngữ pháp 5 : Dành cho sinh viên chuyên ngữ Pháp Văn - Năm thứ 3

Wedi'i Gadw mewn:
Manylion Llyfryddiaeth
Prif Awdur: Phan, Thành Tâm
Fformat: Llyfr
Iaith:Undetermined
Cyhoeddwyd: Cần Thơ Trường Đại học Cần Thơ 2000
Pynciau:
Tagiau: Ychwanegu Tag
Dim Tagiau, Byddwch y cyntaf i dagio'r cofnod hwn!
Thư viện lưu trữ: Trung tâm Học liệu Trường Đại học Cần Thơ
LEADER 00646nam a2200205Ia 4500
001 CTU_43778
008 210402s9999 xx 000 0 und d
082 |a 445.07 
082 |b T120/T.5 
100 |a Phan, Thành Tâm 
245 0 |a Bài giảng ngữ pháp 5 : 
245 0 |b Dành cho sinh viên chuyên ngữ Pháp Văn - Năm thứ 3 
245 0 |c Phan Thành Tâm 
260 |a Cần Thơ 
260 |b Trường Đại học Cần Thơ 
260 |c 2000 
650 |a French language 
650 |x Grammar,Outlines, syllabi, etc 
904 |i Minh 
980 |a Trung tâm Học liệu Trường Đại học Cần Thơ